| 000 | 00370nam a2200133Ia 4500 | ||
|---|---|---|---|
| 008 | 220217s9999||||xx |||||||||||||| ||und|| | ||
| 020 | _a81-203-0878-6 | ||
| 082 | _a621.381 52 BHA | ||
| 100 | _aBhattacharya, Pallab | ||
| 245 | 0 | _aSemiconductor optoelectronic devices | |
| 260 |
_aPrentice hall of india _bNew Delhi _c1999 |
||
| 300 | _b195 | ||
| 650 | _aCIRCUITRY | ||
| 999 |
_c165636 _d165636 |
||